00406nam a2200157Ia 45000010006000000050017000060080041000230410008000640820016000721000039000882450068001272600009001953000028002046500008002326540008002402435620260414151037.0260414t2014||||xx |||||||||||||| ||spa|| aESP a345.52bP66 aPlacencia Rubiños, Liliana eAUT 0aEl hábeas corpus contra actos de investigación preliminarb c2014 a350 páginas :c23 cm. aDER aCDE